[Event "FIDE World Blitz 2013"]
[Site "Khanty-Mansiysk RUS"]
[Date "2013.06.09"]
[Round "3.22"]
[White "Kabanov, Nikolai"]
[Black "Guseinov, Gadir"]
[Result "1-0"]
[WhiteTitle "GM"]
[BlackTitle "GM"]
[WhiteElo "2472"]
[BlackElo "2631"]
[WhiteFideId "4127820"]
[BlackFideId "13401378"]
[EventDate "2013.06.09"]

1. e4 c5 2. Nf3 g6 3. c4 Nc6 4. Nc3 d6 5. Be2 Bg7 6. O-O e5 7. a3 Nge7 8. b4
cxb4 9. axb4 O-O 10. b5 Nd4 11. d3 f5 12. Be3 fxe4 13. Nxe4 Nxe2+ 14. Qxe2 Bg4
15. Neg5 d5 16. h3 Bxf3 17. Nxf3 dxc4 18. d4 exd4 19. Qxc4+ Qd5 20. Qxd5+ Nxd5
21. Bxd4 Rxf3 22. Bxg7 Rb3 23. Bd4 b6 24. Rfb1 Rxb1+ 25. Rxb1 Rc8 26. Rd1 Kf7
27. g3 Ke6 28. Kg2 Rc4 29. Re1+ Kd7 30. Bg7 Nc7 31. Bf6 Nd5 32. Bg5 Kd6 33. Re8
Rc7 34. Re1 Kc5 35. Rb1 Kc4 36. Bd2 Rd7 37. Kf3 Nc7 38. Bf4 Nxb5 39. Kg4 Nc3 40.
Ra1 a5 41. Be5 Nd5 42. Kg5 Nb4 43. f4 Nc2 44. Rc1 Rd2 45. Kh6 b5 46. Kxh7 b4 47.
Kxg6 a4 48. f5 b3 49. f6 a3 50. f7 Rd8 1-0

[Event "FIDE World Blitz 2013"]
[Site "Khanty-Mansiysk RUS"]
[Date "2013.06.09"]
[Round "3.24"]
[White "Sibriaev, Aleksandr"]
[Black "Ponkratov, Pavel"]
[Result "0-1"]
[WhiteTitle "FM"]
[BlackTitle "GM"]
[WhiteElo "2239"]
[BlackElo "2605"]
[WhiteFideId "4116070"]
[BlackFideId "4157800"]
[EventDate "2013.06.09"]

1. d4 Nf6 2. c4 e5 3. dxe5 Ng4 4. Nf3 Bc5 5. e3 Nc6 6. a3 a5 7. Nc3 O-O 8. Be2
Ngxe5 9. O-O Nxf3+ 10. Bxf3 Ne5 11. Be2 Ra6 12. Ne4 Ba7 13. Qd5 Re8 14. b3 Rh6
15. Bb2 c6 16. Qd1 Qh4 17. g3 Qxh2# 0-1

[Event "FIDE World Blitz 2013"]
[Site "Khanty-Mansiysk RUS"]
[Date "2013.06.09"]
[Round "3.26"]
[White "Akbaev, Kazbek"]
[Black "Kurnosov, Igor"]
[Result "0-1"]
[WhiteTitle "IM"]
[BlackTitle "GM"]
[WhiteElo "2475"]
[BlackElo "2657"]
[WhiteFideId "4131045"]
[BlackFideId "4142527"]
[EventDate "2013.06.09"]

1. Nf3 g6 2. d4 Bg7 3. c4 Nf6 4. Nc3 d5 5. h3 c6 6. Bf4 O-O 7. e3 Qb6 8. Qd2 Ne4
9. Nxe4 dxe4 10. Ng5 c5 11. Nxe4 cxd4 12. c5 dxe3 13. cxb6 exd2+ 14. Nxd2 axb6
15. Nc4 Nc6 16. a3 Be6 17. Be2 Nd4 18. Rc1 Ra4 19. Nxb6 Nxe2 20. Nxa4 Nxf4 21.
Nc5 Rc8 22. g3 Rxc5 23. Rxc5 Nd3+ 24. Ke2 Nxc5 25. Rc1 Nb3 26. Rc7 b5 27. Rb7
Bxb2 28. Kd1 Bc4 29. Kc2 Bxa3 30. Rb8+ Kg7 31. Rb7 Bd6 32. f4 Nc5 33. Rb6 h5 34.
Rc6 Bd5 35. Rc8 b4 36. h4 b3+ 37. Kb2 Na4+ 38. Kb1 Be4+ 39. Kc1 b2+ 40. Kd2 b1=Q
41. Ke3 Qd3+ 0-1

[Event "FIDE World Blitz 2013"]
[Site "Khanty-Mansiysk RUS"]
[Date "2013.06.09"]
[Round "3.27"]
[White "Ram, S. Krishnan"]
[Black "Pridorozhni, Aleksei"]
[Result "0-1"]
[BlackTitle "GM"]
[WhiteElo "2248"]
[BlackElo "2512"]
[WhiteFideId "5010519"]
[BlackFideId "4127870"]
[EventDate "2013.06.09"]

1. Nf3 d6 2. d4 Bg4 3. e4 Nd7 4. c4 e5 5. d5 Be7 6. Be2 Bxf3 7. Bxf3 Bg5 8. Nc3
Bxc1 9. Rxc1 Ne7 10. Bg4 O-O 11. Bxd7 Qxd7 12. O-O f5 13. f3 Ng6 14. exf5 Rxf5
15. Ne4 b6 16. b4 Nf4 17. Qd2 Rd8 18. g3 Ng6 19. Rcd1 h6 20. c5 Ne7 21. cxd6
cxd6 22. Rc1 Rf7 23. f4 exf4 24. Rxf4 Rxf4 25. Qxf4 Nxd5 26. Qd2 Qf5 27. Qd4 Qe5
28. Rd1 Qxd4+ 29. Rxd4 Ne3 30. Rxd6 Rf8 31. Nf2 Rf5 32. Rd7 a5 33. Rb7 Rb5 34.
Nd3 axb4 35. Kf2 Nd1+ 36. Kf3 Nc3 37. Ra7 Rf5+ 38. Nf4 Ra5 39. Rb7 Ra3 40. Kg4
Rxa2 41. Ne6 b3 42. Rxg7+ Kh8 43. Rd7 b2 44. Rd8+ Kh7 45. Kh5 Ra5+ 0-1

[Event "FIDE World Blitz 2013"]
[Site "Khanty-Mansiysk RUS"]
[Date "2013.06.09"]
[Round "3.29"]
[White "Salem, A.R. Saleh"]
[Black "Nadanian, Ashot"]
[Result "1-0"]
[WhiteTitle "GM"]
[BlackTitle "IM"]
[WhiteElo "2531"]
[BlackElo "2428"]
[WhiteFideId "9301348"]
[BlackFideId "13300393"]
[EventDate "2013.06.09"]

1. d4 Nf6 2. c4 e5 3. dxe5 Ng4 4. Bf4 Nc6 5. Nf3 Bb4+ 6. Nbd2 Qe7 7. a3 Ngxe5 8.
Nxe5 Nxe5 9. e3 Bxd2+ 10. Qxd2 d6 11. Be2 O-O 12. O-O b6 13. b4 Bb7 14. Rac1 Nd7
15. Rfd1 a5 16. Qc3 axb4 17. axb4 Ra2 18. Bf1 Rfa8 19. Ra1 Nf6 20. Rxa2 Rxa2 21.
Qb3 Ra7 22. c5 bxc5 23. bxc5 dxc5 24. Bc4 Kf8 25. h3 h6 26. f3 Ne8 27. e4 Ba6
28. Qa3 Bxc4 29. Qxa7 g5 30. Be3 Kg7 31. Qxc5 Qe6 32. Bd4+ Kg6 33. Bb2 Nd6 34.
Qd4 f6 35. Ra1 Nb5 36. Qc5 Nd6 37. Qxc7 h5 38. Ra7 Nf7 39. Rb7 Ba6 40. Rb6 Qc4
41. Rxf6+ 1-0

[Event "FIDE World Blitz 2013"]
[Site "Khanty-Mansiysk RUS"]
[Date "2013.06.09"]
[Round "3.30"]
[White "Pasiev, Rakhim"]
[Black "Byambaa, Zulzaga"]
[Result "1-0"]
[WhiteTitle "IM"]
[BlackTitle "FM"]
[WhiteElo "2384"]
[BlackElo "2285"]
[WhiteFideId "24122475"]
[BlackFideId "4900642"]
[EventDate "2013.06.09"]

1. e4 d6 2. d4 Nf6 3. Nc3 g6 4. Be3 Bg7 5. e5 Nfd7 6. e6 fxe6 7. Qd2 Nf6 8. Nf3
Nc6 9. O-O-O a6 10. h4 b5 11. Bh6 Bxh6 12. Qxh6 Kd7 13. Qe3 Qg8 14. g3 Kd8 15.
Bh3 1-0

[Event "FIDE World Blitz 2013"]
[Site "Khanty-Mansiysk RUS"]
[Date "2013.06.09"]
[Round "4.4"]
[White "Khismatullin, Denis"]
[Black "Najer, Evgeniy"]
[Result "1-0"]
[WhiteTitle "GM"]
[BlackTitle "GM"]
[WhiteElo "2658"]
[BlackElo "2633"]
[WhiteFideId "4142578"]
[BlackFideId "4118987"]
[EventDate "2013.06.09"]

1. Nf3 d5 2. b3 Bf5 3. Bb2 Nf6 4. Bxf6 exf6 5. e3 Bd6 6. c4 dxc4 7. Bxc4 O-O 8.
O-O Nd7 9. d4 Bg4 10. h3 Bh5 11. Nbd2 c6 12. Bd3 Qe7 13. Qc2 Bxf3 14. Nxf3 g6
15. Rfe1 Rac8 16. Rac1 Ba3 17. Rcd1 Bb4 18. Re2 Kg7 19. Qb2 Rfd8 20. Rc2 Nb6 21.
Bf1 Ba3 22. Qa1 Nd5 23. Ne1 f5 24. Nd3 Re8 25. Re2 Rcd8 26. g3 Nf6 27. Bg2 Kg8
28. Qb1 h5 29. b4 a5 30. bxa5 Ra8 31. Ne5 Rec8 32. Nc4 Ra7 33. Rd3 Bd6 34. Rb3
Rc7 35. h4 Kg7 36. Bf3 Ne8 37. Reb2 Qd7 38. d5 cxd5 39. Nb6 Qe6 40. Nxd5 Rd7 41.
Rxb7 Rxa5 42. Rxd7 Qxd7 43. Rb7 Qe6 44. Qb2+ Be5 45. Qb3 Nf6 46. Nxf6 Qxf6 47.
Bd5 1-0

[Event "FIDE World Blitz 2013"]
[Site "Khanty-Mansiysk RUS"]
[Date "2013.06.09"]
[Round "4.5"]
[White "Moiseenko, Alexander"]
[Black "Khairullin, Ildar"]
[Result "1-0"]
[WhiteTitle "GM"]
[BlackTitle "GM"]
[WhiteElo "2711"]
[BlackElo "2658"]
[WhiteFideId "14102560"]
[BlackFideId "4151348"]
[EventDate "2013.06.09"]

1. d4 d5 2. c4 c6 3. Nf3 Nf6 4. Nc3 dxc4 5. a4 e6 6. e3 c5 7. Bxc4 Nc6 8. O-O
Be7 9. Qe2 cxd4 10. exd4 O-O 11. Rd1 Nb4 12. Ne5 Bd7 13. a5 a6 14. Bg5 Bc6 15.
Nxc6 bxc6 16. h3 Nfd5 17. Bd2 Nc7 18. Bf4 Nb5 19. Be5 Bd6 20. Ne4 Bxe5 21. dxe5
Nd5 22. Bxb5 cxb5 23. Ra3 Qc7 24. Nd6 b4 25. Rg3 Qxa5 26. h4 Rad8 27. Qg4 g6 28.
h5 Ne7 29. hxg6 hxg6 30. Re1 Nf5 31. Nxf5 exf5 32. Qxf5 Rfe8 33. Qf6 b3 34. Ree3
Rd1+ 35. Kh2 Qd8 36. Rxg6+ fxg6 37. Qxg6+ 1-0

[Event "FIDE World Blitz 2013"]
[Site "Khanty-Mansiysk RUS"]
[Date "2013.06.09"]
[Round "4.6"]
[White "Rublevsky, Sergei"]
[Black "Zvjaginsev, Vadim"]
[Result "0-1"]
[WhiteTitle "GM"]
[BlackTitle "GM"]
[WhiteElo "2695"]
[BlackElo "2659"]
[WhiteFideId "4115309"]
[BlackFideId "4113403"]
[EventDate "2013.06.09"]

1. e4 e6 2. d4 d5 3. Nd2 c5 4. Ngf3 Nc6 5. exd5 exd5 6. Bb5 Qe7+ 7. Be2 Nf6 8.
O-O Qc7 9. dxc5 Bxc5 10. Nb3 Be7 11. Bg5 O-O 12. c3 Be6 13. Nfd4 Rae8 14. Re1
Ne4 15. Bxe7 Rxe7 16. Bf3 Bc8 17. Qc2 Rfe8 18. Rad1 Ne5 19. h3 Ng5 20. Nd2 Bxh3
21. gxh3 Nxh3+ 22. Kf1 Nd3 23. Rxe7 Rxe7 24. Qxd3 Qh2 25. Bg2 Qg1# 0-1

[Event "FIDE World Blitz 2013"]
[Site "Khanty-Mansiysk RUS"]
[Date "2013.06.09"]
[Round "4.8"]
[White "Vitiugov, Nikita"]
[Black "Kobalia, Mikhail"]
[Result "1-0"]
[WhiteTitle "GM"]
[BlackTitle "GM"]
[WhiteElo "2734"]
[BlackElo "2651"]
[WhiteFideId "4152956"]
[BlackFideId "4119150"]
[EventDate "2013.06.09"]

1. d4 d5 2. c4 c6 3. Nf3 Nf6 4. Nc3 a6 5. e3 e6 6. b3 Bb4 7. Bd2 O-O 8. Bd3 Nbd7
9. O-O Bd6 10. Re1 e5 11. cxd5 cxd5 12. e4 exd4 13. Nxd5 Nxd5 14. exd5 Nf6 15.
h3 Nxd5 16. Nxd4 Qf6 17. Qh5 h6 18. Qxd5 Rd8 19. Ba5 b6 20. Qxa8 bxa5 21. Qe4 g6
22. Bc4 Bb4 23. Qf3 Qg7 24. Nc6 1-0

[Event "FIDE World Blitz 2013"]
[Site "Khanty-Mansiysk RUS"]
[Date "2013.06.09"]
[Round "4.9"]
[White "Popov, Ivan RUS"]
[Black "Sargissian, Gabriel"]
[Result "1/2-1/2"]
[WhiteTitle "GM"]
[BlackTitle "GM"]
[WhiteElo "2632"]
[BlackElo "2671"]
[WhiteFideId "4170350"]
[BlackFideId "13300881"]
[EventDate "2013.06.09"]

1. e4 e5 2. Nc3 Nf6 3. f4 d5 4. fxe5 Nxe4 5. Nf3 Be7 6. Qe2 Nxc3 7. dxc3 Be6 8.
Bf4 c5 9. O-O-O Nc6 10. h4 h6 11. g3 Qa5 12. Kb1 O-O-O 13. Bh3 Qc7 14. Bxe6+
fxe6 15. Qd3 Rde8 16. Qg6 Bd8 17. c4 Qd7 18. cxd5 exd5 19. Qd3 d4 20. Qc4 Bb6
21. Rhe1 Qe6 22. Nd2 Qxc4 23. Nxc4 Bc7 24. e6 Rhf8 25. Re4 Rf5 26. c3 Bxf4 27.
gxf4 Kc7 28. Rg1 Re7 29. a4 Rf6 30. Rge1 Rf5 31. Rg1 Rf6 32. Rge1 1/2-1/2

[Event "FIDE World Blitz 2013"]
[Site "Khanty-Mansiysk RUS"]
[Date "2013.06.09"]
[Round "4.11"]
[White "Nguyen, Ngoc Truong Son"]
[Black "Safarli, Eltaj"]
[Result "1-0"]
[WhiteTitle "GM"]
[BlackTitle "GM"]
[WhiteElo "2625"]
[BlackElo "2660"]
[WhiteFideId "12401110"]
[BlackFideId "13402129"]
[EventDate "2013.06.09"]

1. d4 Nf6 2. c4 g6 3. g3 Bg7 4. Bg2 d5 5. cxd5 Nxd5 6. Nf3 O-O 7. O-O c5 8. e4
Nf6 9. e5 Nd5 10. dxc5 Na6 11. Qd4 Ndb4 12. Qc3 Qd3 13. Be3 Be6 14. Nd4 Qxc3 15.
bxc3 Nc6 16. Nxe6 fxe6 17. f4 Rfd8 18. Be4 Rac8 19. Na3 Na5 20. Rfd1 Rxd1+ 21.
Rxd1 Nxc5 22. Bg2 a6 23. Bh3 Kf7 24. Nc2 Bh6 25. Bxc5 Rxc5 26. Nd4 Rxc3 27.
Bxe6+ Ke8 28. Bg8 Kf8 29. Bd5 b5 30. Kf2 Nc4 31. Ne6+ Ke8 32. Nc7+ Kf8 33. Be6
Rc2+ 34. Ke1 Nxe5 35. Rd8+ Kg7 36. Ne8+ Kf8 37. fxe5 Be3 38. Nf6+ Kg7 39. Ng4
Rc1+ 40. Ke2 h5 41. Nxe3 1-0

[Event "FIDE World Blitz 2013"]
[Site "Khanty-Mansiysk RUS"]
[Date "2013.06.09"]
[Round "4.13"]
[White "Grachev, Boris"]
[Black "Nepomniachtchi, Ian"]
[Result "1/2-1/2"]
[WhiteTitle "GM"]
[BlackTitle "GM"]
[WhiteElo "2683"]
[BlackElo "2717"]
[WhiteFideId "4129199"]
[BlackFideId "4168119"]
[EventDate "2013.06.09"]

1. d4 Nf6 2. Nf3 g6 3. Bf4 Bg7 4. e3 b6 5. h3 Bb7 6. Be2 d6 7. Bh2 Nbd7 8. O-O
O-O 9. a4 a6 10. c3 e6 11. Nfd2 Qe7 12. Bf3 c6 13. Qb3 d5 14. c4 c5 15. cxd5
Bxd5 16. Bxd5 Nxd5 17. Nc3 cxd4 18. Nxd5 exd5 19. exd4 1/2-1/2

[Event "FIDE World Blitz 2013"]
[Site "Khanty-Mansiysk RUS"]
[Date "2013.06.09"]
[Round "4.15"]
[White "Vasquez Schroeder, Rodrigo"]
[Black "Inarkiev, Ernesto"]
[Result "1-0"]
[WhiteTitle "GM"]
[BlackTitle "GM"]
[WhiteElo "2542"]
[BlackElo "2680"]
[WhiteFideId "3400042"]
[BlackFideId "4162722"]
[EventDate "2013.06.09"]

1. e4 c5 2. Nf3 e6 3. d4 cxd4 4. Nxd4 a6 5. Bd3 Nf6 6. O-O e5 7. Nb3 d6 8. c4
Be7 9. Nc3 O-O 10. f3 Be6 11. Be3 Nc6 12. Nd5 Nd7 13. Qd2 h6 14. Rfd1 Bg5 15.
Bf1 Nc5 16. Bxg5 hxg5 17. Nc1 g4 18. Be2 gxf3 19. Bxf3 Nd4 20. Ne2 Bxd5 21. cxd5
Nxf3+ 22. gxf3 f5 23. b4 Nd7 24. Ng3 f4 25. Nf5 g6 26. Qg2 Qf6 27. Nh6+ Kg7 28.
Qh3 Rad8 29. Ng4 Qg5 30. Rac1 Rh8 31. Qg2 Rc8 32. Kh1 Nf6 33. Nf2 Qh5 34. Rg1
Kf7 35. h3 b5 36. Kh2 Kg7 37. Nd3 Kf7 38. Rc6 Rxc6 39. dxc6 Nh7 40. Nf2 Rc8 41.
Rc1 Nf8 42. Ng4 Ne6 43. a4 Nd4 44. axb5 axb5 45. Qa2+ Kf8 46. Qa6 Nxf3+ 47. Kg2
Nh4+ 48. Kf2 Re8 49. c7 Nf3 50. Qxd6+ Kg7 51. Qd7+ Kf8 52. Qxe8+ 1-0

[Event "FIDE World Blitz 2013"]
[Site "Khanty-Mansiysk RUS"]
[Date "2013.06.09"]
[Round "4.17"]
[White "Skatchkov, Pavel"]
[Black "Akopian, Vladimir"]
[Result "0-1"]
[WhiteTitle "GM"]
[BlackTitle "GM"]
[WhiteElo "2486"]
[BlackElo "2691"]
[WhiteFideId "4121848"]
[BlackFideId "13300032"]
[EventDate "2013.06.09"]

1. d4 Nf6 2. Nf3 e6 3. g3 c5 4. Bg2 Nc6 5. O-O cxd4 6. Nxd4 Bc5 7. Nb3 Bb6 8.
Nc3 O-O 9. e4 a6 10. Bf4 Bc7 11. Bd6 Bxd6 12. Qxd6 Ne8 13. Qd2 d6 14. Rad1 Qc7
15. Nd4 Bd7 16. Rfe1 Ne5 17. b3 Rc8 18. Nce2 b5 19. c3 Rd8 20. h3 Nf6 21. f4 Nc6
22. Kh2 e5 23. Nf3 Nxe4 24. Qd5 Nf6 25. Qxd6 Qxd6 26. Rxd6 Ne4 27. Rd5 exf4 28.
Nxf4 Nxc3 29. Rc5 Nxa2 30. Nd5 Nab4 31. Nb6 Be6 32. Re3 Nd4 33. Ng5 Bxb3 34. h4
h6 35. Ne4 Nbc2 36. Rec3 Ne1 37. Bh3 Be6 38. Re3 Ndf3+ 39. Rxf3 Nxf3+ 40. Kg2
Ne1+ 41. Kf2 Bxh3 42. Kxe1 Rfe8 0-1

[Event "FIDE World Blitz 2013"]
[Site "Khanty-Mansiysk RUS"]
[Date "2013.06.09"]
[Round "4.23"]
[White "Bezgodov, Alexei"]
[Black "Artemiev, Vladislav"]
[Result "1-0"]
[WhiteTitle "GM"]
[BlackTitle "IM"]
[WhiteElo "2482"]
[BlackElo "2524"]
[WhiteFideId "4105257"]
[BlackFideId "24101605"]
[EventDate "2013.06.09"]

1. e4 c5 2. a3 g6 3. Bc4 Bg7 4. h4 h6 5. Qf3 e6 6. Nc3 Nc6 7. Nb5 d6 8. Qd3 Ke7
9. Nf3 a6 10. Nc3 Nf6 11. Qe2 Nd4 12. Qd3 Ng4 13. Nxd4 Bxd4 14. Nd1 d5 15. Ba2
dxe4 16. Qxe4 Nf6 17. Qf3 Nd5 18. Ne3 Nxe3 19. fxe3 Bg7 20. O-O f5 21. d4 cxd4
22. exd4 Bxd4+ 23. Be3 Qb6 24. Rae1 Bd7 25. Qf2 Bxe3 26. Rxe3 Qxb2 27. Bxe6 Bxe6
28. Rfe1 Kf7 29. Rxe6 Rhe8 30. Qe3 Qb5 31. Re7+ Kf8 32. Qxh6+ 1-0

[Event "FIDE World Blitz 2013"]
[Site "Khanty-Mansiysk RUS"]
[Date "2013.06.09"]
[Round "4.24"]
[White "Ponkratov, Pavel"]
[Black "Sibriaev, Aleksandr"]
[Result "1-0"]
[WhiteTitle "GM"]
[BlackTitle "FM"]
[WhiteElo "2605"]
[BlackElo "2239"]
[WhiteFideId "4157800"]
[BlackFideId "4116070"]
[EventDate "2013.06.09"]

1. e4 c5 2. Nf3 Nc6 3. d4 cxd4 4. Nxd4 e5 5. Nb5 d6 6. c4 Be6 7. N1c3 a6 8. Na3
Be7 9. Nc2 Bg5 10. Bxg5 Qxg5 11. Nd5 Bxd5 12. cxd5 Nce7 13. g3 Nf6 14. Bg2 O-O
15. O-O Rac8 16. Ne3 g6 17. Qb3 Rc7 18. Qb6 Rd7 19. Rac1 Ng4 20. h4 Qh5 21. Bf3
f5 22. Rc7 Rfd8 23. Rxb7 g5 24. exf5 gxh4 25. Nxg4 Kh8 26. Rxd7 Rxd7 27. Qb8+
Ng8 28. Qxg8+ 1-0

[Event "FIDE World Blitz 2013"]
[Site "Khanty-Mansiysk RUS"]
[Date "2013.06.09"]
[Round "4.27"]
[White "Pridorozhni, Aleksei"]
[Black "Ram, S. Krishnan"]
[Result "1-0"]
[WhiteTitle "GM"]
[WhiteElo "2512"]
[BlackElo "2248"]
[WhiteFideId "4127870"]
[BlackFideId "5010519"]
[EventDate "2013.06.09"]

1. e4 Nc6 2. Nc3 Nf6 3. Nf3 d5 4. exd5 Nxd5 5. Bc4 Nb6 6. Bb3 Bf5 7. d4 e6 8.
O-O Be7 9. h3 O-O 10. Bf4 Na5 11. Ne2 Nxb3 12. axb3 c5 13. c3 Nd5 14. Bh2 Be4
15. Nd2 Bd3 16. Nf3 Be4 17. Nd2 Bg6 18. Nc4 h6 19. Ne5 Bh7 20. dxc5 Bxc5 21. b4
Bd6 22. Nd4 a6 23. Re1 Qc7 24. Qb3 Rfe8 25. Nef3 Bxh2+ 26. Nxh2 Nf4 27. Ng4 e5
28. Nf3 Nd3 29. Red1 Rad8 30. Ne3 Qc6 31. Ra5 b5 32. Qa2 Rd6 33. Ra1 Rg6 34. Nh4
Rf6 35. Rxa6 Qe4 36. Ra8 Re6 37. Rxe8+ Rxe8 38. Nf3 Nf4 39. Ne1 Bg6 40. c4 Rd8
41. b3 Qd4 1-0

[Event "FIDE World Blitz 2013"]
[Site "Khanty-Mansiysk RUS"]
[Date "2013.06.09"]
[Round "4.28"]
[White "Al-Sayed, Mohammed"]
[Black "Ghaem Maghami, Ehsan"]
[Result "1-0"]
[WhiteTitle "GM"]
[BlackTitle "GM"]
[WhiteElo "2498"]
[BlackElo "2554"]
[WhiteFideId "12100196"]
[BlackFideId "12500739"]
[EventDate "2013.06.09"]

1. d4 Nf6 2. Nf3 e6 3. Bg5 c5 4. Bxf6 Qxf6 5. e3 d5 6. Nbd2 Nc6 7. Bb5 Bd7 8.
O-O cxd4 9. exd4 a6 10. Bxc6 Bxc6 11. Ne5 Rc8 12. c3 Bd6 13. Nxc6 Rxc6 14. Qb3
Qe7 15. f4 O-O 16. g3 b5 17. a3 Qc7 18. Nf3 Rb6 19. Qc2 g6 20. h4 a5 21. h5 b4
22. axb4 axb4 23. hxg6 hxg6 24. Rae1 bxc3 25. bxc3 Rc6 26. Ng5 Kg7 27. Rxe6 Rxc3
28. Qg2 Qb6 29. Rxd6 Qxd6 30. Qh3 Kf6 31. Re1 Qb4 32. Re6+ fxe6 33. Qxe6+ Kg7
34. Qd7+ Kf6 35. Nh7# 1-0

[Event "FIDE World Blitz 2013"]
[Site "Khanty-Mansiysk RUS"]
[Date "2013.06.09"]
[Round "4.29"]
[White "Nadanian, Ashot"]
[Black "Salem, A.R. Saleh"]
[Result "1-0"]
[WhiteTitle "IM"]
[BlackTitle "GM"]
[WhiteElo "2428"]
[BlackElo "2531"]
[WhiteFideId "13300393"]
[BlackFideId "9301348"]
[EventDate "2013.06.09"]

1. e4 c5 2. d3 Nc6 3. g3 g6 4. Bg2 Bg7 5. f4 d6 6. Nf3 Bg4 7. Nbd2 Nf6 8. h3
Bxf3 9. Nxf3 Nd7 10. O-O O-O 11. c3 Rb8 12. d4 cxd4 13. cxd4 Qb6 14. Be3 e5 15.
Qd2 exd4 16. Bf2 Nc5 17. Rfe1 Rfe8 18. Nh2 a5 19. Rad1 a4 20. Ng4 h5 21. Nh2
Rbc8 22. f5 Qb4 23. Qg5 Kh7 24. g4 Bh6 25. Qf6 Bg7 26. Qh4 d3 27. fxg6+ fxg6 28.
gxh5 gxh5 29. Qxh5+ Kg8 30. Qd5+ Kh8 31. Qh5+ Kg8 32. Ng4 Ne5 33. Re3 Nxg4 34.
Qxg4 Qxb2 35. e5 Ne6 36. Bd5 Kf8 37. Bh4 Rc2 38. Rf1+ Kg8 39. Bxe6+ Rxe6 40.
Qxe6+ Kh7 41. Qf5+ Kh8 42. Qh5+ Kg8 43. Qg4 Re2 44. Bf6 1-0

[Event "FIDE World Blitz 2013"]
[Site "Khanty-Mansiysk RUS"]
[Date "2013.06.09"]
[Round "4.30"]
[White "Byambaa, Zulzaga"]
[Black "Pasiev, Rakhim"]
[Result "0-1"]
[WhiteTitle "FM"]
[BlackTitle "IM"]
[WhiteElo "2285"]
[BlackElo "2384"]
[WhiteFideId "4900642"]
[BlackFideId "24122475"]
[EventDate "2013.06.09"]

1. e4 c5 2. Nf3 Nc6 3. Be2 g6 4. O-O Bg7 5. Nc3 d6 6. d4 cxd4 7. Nxd4 Bd7 8. Be3
Nf6 9. h3 O-O 10. Qd2 Rc8 11. Nxc6 Bxc6 12. Bd4 Qc7 13. f3 Rfd8 14. Rac1 b6 15.
Qe3 e5 16. Ba6 exd4 17. Bxc8 Rxc8 18. Rfd1 Rd8 19. Ne2 d5 20. exd5 Nd7 21. c4 f5
22. b4 Ra8 23. a3 0-1

[Event "FIDE World Blitz 2013"]
[Site "Khanty-Mansiysk RUS"]
[Date "2013.06.09"]
[Round "5.2"]
[White "Moiseenko, Alexander"]
[Black "Zvjaginsev, Vadim"]
[Result "1-0"]
[WhiteTitle "GM"]
[BlackTitle "GM"]
[WhiteElo "2711"]
[BlackElo "2659"]
[WhiteFideId "14102560"]
[BlackFideId "4113403"]
[EventDate "2013.06.09"]

1. d4 c5 2. d5 d6 3. Nc3 Nf6 4. e4 g6 5. Nf3 Bg7 6. Be2 O-O 7. O-O Bg4 8. a4 Na6
9. Re1 Nd7 10. h3 Bxf3 11. Bxf3 Nc7 12. Be2 Rb8 13. Bf1 b6 14. Nb5 Rb7 15. c3
Qa8 16. Bg5 Bf6 17. Bh6 Rd8 18. f4 Ne8 19. Na3 a6 20. Nc4 Qb8 21. Qe2 Bg7 22.
Bg5 Bf6 23. Bh6 Bg7 24. Bxg7 Nxg7 25. e5 Ra7 26. g3 Qc7 27. Bg2 Rda8 28. e6 Nf6
29. exf7+ Kxf7 30. Kh2 b5 31. Nd2 bxa4 32. Rxa4 Rb8 33. Ne4 Nxe4 34. Rxe4 Re8
35. g4 a5 36. f5 gxf5 37. gxf5 Rf8 38. Qg4 Kg8 39. Rf4 Rf6 40. Be4 Rb7 41. Rg1
Rxb2+ 42. Kh1 e5 43. fxe6 Rxf4 44. Qxf4 Qe7 45. Qh6 1-0

[Event "FIDE World Blitz 2013"]
[Site "Khanty-Mansiysk RUS"]
[Date "2013.06.09"]
[Round "5.5"]
[White "Georgiev, Kiril"]
[Black "Akopian, Vladimir"]
[Result "0-1"]
[WhiteTitle "GM"]
[BlackTitle "GM"]
[WhiteElo "2636"]
[BlackElo "2691"]
[WhiteFideId "2900017"]
[BlackFideId "13300032"]
[EventDate "2013.06.09"]

1. d4 Nf6 2. Nf3 d5 3. Bg5 Nbd7 4. e3 c6 5. c4 h6 6. Bh4 g5 7. Bg3 Bg7 8. Nc3
Ne4 9. Bd3 Nxg3 10. hxg3 dxc4 11. Bxc4 Nb6 12. Bb3 Bf5 13. Qe2 Bg6 14. Rd1 Qc7
15. O-O Rd8 16. Nd2 e6 17. Nde4 Nd5 18. f4 Qe7 19. Nc5 b6 20. N5e4 Nxc3 21. Nxc3
O-O 22. Bc2 Bxc2 23. Qxc2 c5 24. Ne2 cxd4 25. Nxd4 Qc5 26. Qf2 g4 27. Rd2 Bxd4
28. exd4 Qd5 29. a3 Rc8 30. Qe2 Rc4 31. Qxg4+ Kh7 32. Rfd1 Rg8 33. Qh4 Qf5 34.
Kf2 Rg4 35. Qe7 Qg6 36. Rd3 Rc2+ 37. Kg1 Kg7 38. f5 exf5 39. d5 Re4 40. Qd7 Ree2
41. Rf3 Rxg2+ 42. Kf1 Qh5 0-1

[Event "FIDE World Blitz 2013"]
[Site "Khanty-Mansiysk RUS"]
[Date "2013.06.09"]
[Round "5.11"]
[White "Tkachiev, Vladislav"]
[Black "Khairullin, Ildar"]
[Result "1/2-1/2"]
[WhiteTitle "GM"]
[BlackTitle "GM"]
[WhiteElo "2649"]
[BlackElo "2658"]
[WhiteFideId "618438"]
[BlackFideId "4151348"]
[EventDate "2013.06.09"]

1. d4 d5 2. c4 c6 3. Nf3 Nf6 4. g3 dxc4 5. Bg2 g6 6. O-O Bg7 7. a4 Ne4 8. Na3
Nd6 9. Bf4 O-O 10. Rc1 Na6 11. Nxc4 Nxc4 12. Rxc4 Be6 13. Rc1 Bd5 14. e3 Qa5 15.
Re1 Be4 16. Nd2 Bxg2 17. Kxg2 Nb4 18. Qb3 Qd5+ 19. Qxd5 Nxd5 20. Nb3 Rfd8 21.
Na5 Rd7 22. Kf3 e6 23. g4 Bf8 24. Nc4 f6 25. Bg3 Nb6 26. b3 Nxc4 27. bxc4 c5 28.
Red1 Rad8 29. Rb1 b6 30. a5 cxd4 31. axb6 axb6 32. exd4 Rxd4 33. Rxd4 Rxd4 34.
Rxb6 Rxc4 1/2-1/2